000 00606nam a2200193Ii 4500
003 JO-AjNU
008 230605s9999||||xx |||||||||||||| ||und||
040 _aJO-AjNU
_bara
_erda
_cJO-AjNU
041 _aara
050 1 4 _aC21.L4512 1982
100 3 _aرودسكي ، الكسندر كيتايجو,
_eauthor
_920853
245 0 0 _aالفوتونات والنويات
264 3 1 _aد.م :د.ت ،1982
300 _a368ص
336 _atext
_btxt
_2rdacontent
337 _aunmediated
_bn
_2rdamedia
338 _avolume
_bnc
_2rdacarrier
650 4 _aالعلوم الطبيعيه - الفيزياء
_920854
999 _aA7145
_c10713
_d10713